|
|
|
|
| LEADER |
01240nam a2200289 a 4500 |
| 001 |
1325732 |
| 008 |
090907s1976 fr b i000 0 eng d |
| 010 |
|
|
|a \\\78313564
|
| 020 |
|
|
|a 9231014048
|
| 040 |
|
|
|a DLC
|c DLC
|d DLC
|
| 082 |
0 |
0 |
|a 372.9/549/3
|2 18
|
| 100 |
1 |
|
|a Diyasena, W.
|
| 245 |
1 |
0 |
|a Pre-vocational education in Sri Lanka /
|c by W. Diyasena.
|
| 260 |
|
|
|a Paris :
|b Unesco Press,
|c 1976.
|
| 300 |
|
|
|a 50 p. ;
|c 21 cm.
|
| 490 |
1 |
|
|a Experiments and innovations in education : Asian series ; no 28
|
| 500 |
|
|
|a "Study prepared for the Asian Centre of Educational Innovation for Development."
|
| 504 |
|
|
|a Bibliography: p. 49-50.
|
| 541 |
1 |
|
|e 00000910
|
| 650 |
|
0 |
|a Education, Elementary
|z Sri Lanka.
|
| 650 |
|
0 |
|a Vocational education
|z Sri Lanka.
|
| 710 |
2 |
|
|a Asian Centre of Educational Innovation for Development.
|
| 830 |
|
0 |
|a Experiments and innovations in education ;
|v no. 28.
|
| 830 |
|
0 |
|a Experiments and innovations in education.
|p Asian series.
|
| 852 |
4 |
|
|a Ayesha Abed Library
|j General shelf
|
| 999 |
|
|
|c 3891
|d 3891
|
| 952 |
|
|
|0 0
|1 0
|2 ddc
|4 0
|6 372_954930000000000_DIY_1976
|7 0
|9 3540
|a BRACUL
|b BRACUL
|c GEN
|d 2009-09-13
|g 0.00
|l 0
|o 372.95493 DIY
|p 3010000910
|r 2009-09-13
|t 1
|w 2009-09-13
|y BK
|x No price found in the accession register.
|